[Event "Stay Safe Play From Home 356"]
[Site "Emanuel Lasker Arena"]
[Date "2020.08.04"]
[Round "2"]
[White "Lazieri3"]
[Black "NTBT_DHS"]
[Result "0-1"]
[WhiteElo "2075"]
[BlackElo "2593"]
[Annotator "TA"]
[PlyCount "112"]
[EventDate "2020.08.04"]
[EventType "swiss (blitz)"]

{[%evp 9,111,-87,44,37,42,-61,-69,-63,-35,-40,-41,-44,-45,-58,-58,-96,-81,-106,-50,-51,-51,-74,-77,-47,-34,-68,-25,-31,-19,-45,-48,-35,-41,-43,-37,-133,-117,-115,-95,-89,-89,-123,-118,-124,-121,-123,-123,-146,-122,-225,-223,-239,-173,-167,-122,-135,-138,-202,-135,-209,-196,-192,-188,-1026,-939,-29985,-29986,-29990,-29988,-29991,-29992,-29993,-29993,-29993,-29993,-29994,-29994,-29995,-29995,-29996,-29995,-29995,-29996,-29996,-29996,-29996,-29996,-29996,-29996,-29996,-29997,-29997,-29996,-29998,-29997,-29997,-29996,-29996,-29997,-29998,-29998,-29998,-29999,-29999]} 1. f3 g6 2. e3 ({Predecessor:} 2. Nh3 d6 3. Nf2 c5 4. g3 e5 5. e4 Bg7 6. Nc3 Ne7 7. Bc4 a6 8. a3 b5 9. Ba2 Nbc6 10. d3 Rb8 11. Be3 Qa5 12. Qd2 Nd4 13. Bxd4 cxd4 14. Nd5 Qxd2+ 15. Kxd2 Nxd5 16. Bxd5 {½-½ (16) Fonseca Alonso,F (1444)-Perez Estevez,S (1233) Ponteareas 2019}) 2... Bg7 3. g3 d5 4. Bg2 e5 5. f4 d4 (5... exf4 $17 6. gxf4 Nc6) 6. fxe5 $14 {A00: Irregular Openings.} dxe3 7. dxe3 (7. Nf3 $14) 7... Qxd1+ $15 ({Worse is} 7... Bxe5 8. Qxd8+ Kxd8 9. Nf3 $16) 8. Kxd1 {Black is slightly better.} Bxe5 9. Nf3 Bg7 10. Nc3 Nf6 11. Bd2 O-O 12. Ke2 Na6 13. Rhd1 Bg4 ({Better is} 13... Bf5 $17 14. Nd4 Bg4+ 15. Nf3 Rfe8) 14. h3 Be6 15. a3 Bc4+ 16. Kf2 Rad8 17. Be1 c6 18. Rxd8 Rxd8 19. Rd1 Rxd1 20. Nxd1 Ne4+ 21. Kg1 Be2 22. Nc3 (22. Nd4 $15 Bxd1 23. Bxe4) 22... Bxc3 23. bxc3 {[#] Threatens to win with Nd4.} Nac5 24. Nd4 Bc4 25. Kh2 f5 26. g4 fxg4 27. hxg4 Kf7 28. Nf3 {aiming for Ne5+.} Kf6 29. Bh4+ (29. Nd4 $17 {might work better.}) 29... g5 $19 30. Be1 Bd5 31. Nd4 b5 {[%cal Bb7b5,Bb5c4][%mdl 32]} 32. Nf5 {[#]} h5 $1 {[%mdl 512]} 33. Bxe4 (33. c4 $17 bxc4 34. Bb4) (33. gxh5 Kxf5) 33... Nxe4 $17 {[%mdl 4096] Endgame KBN-KBN} 34. Nd4 (34. c4 $17 bxc4 35. Ng3) 34... hxg4 35. c4 bxc4 36. Bb4 $2 (36. Ne2) 36... c5 $19 37. Nc6 Bxc6 {Black mates.} 38. Bxc5 g3+ 39. Kg1 Nxc5 40. c3 Kf5 41. e4+ Kxe4 42. a4 Kf4 43. a5 Ke3 44. a6 Nd3 45. Kf1 Bf3 46. Kg1 g4 47. Kf1 g2+ 48. Kg1 Ke2 49. Kh2 Kf1 {[%csl Gf1][%cal Rg2g1]} 50. Kg3 g1=Q+ 51. Kh4 Qe3 52. Kh5 g3+ 53. Kg6 g2 54. Kf5 g1=Q {[%csl Ge3][%cal Rg1g5]} 55. Kf6 Qgg5+ 56. Kf7 Qee7# {Accuracy: White = 42%, Black = 75%.} 0-1

[Event "Stay Safe Play From Home 356"]
[Site "Emanuel Lasker Arena"]
[Date "2020.08.04"]
[Round "2"]
[White "Padmaesh M K"]
[Black "Little champs"]
[Result "0-1"]
[WhiteElo "1804"]
[BlackElo "2183"]
[Annotator "TA"]
[PlyCount "80"]
[EventDate "2020.08.04"]
[EventType "swiss (blitz)"]

{[%evp 9,80,98,112,110,104,87,109,94,97,98,107,102,110,115,106,92,112,48,94,40,117,84,107,68,84,41,72,79,60,0,0,0,408,-39,25,14,29,25,14,9,110,-308,-315,-252,-236,-232,-51,-47,-29,-58,-40,-415,-395,-392,-129,-121,0,-393,-347,-741,-721,-735,-720,-735,-691,-784,-643,-583,-535,-404,0,-734,-665]} 1. Nf3 c5 2. d4 Nc6 3. d5 Nb8 4. e4 d6 5. c4 g6 6. Nc3 {A43: Schmid Benoni.} Bg7 7. Be2 Nf6 8. Bg5 {White is better.} O-O 9. O-O Nbd7 10. Qd2 a6 {[#]} 11. Bh6 $146 ({Predecessor:} 11. a3 Ne8 12. Bh6 Rb8 13. Rab1 Qa5 14. Qe3 b5 15. cxb5 axb5 16. Bxg7 Nxg7 17. b4 Qxa3 {1-0 (55) Comp Leonardo2-Schneider,A Dortmund 1987}) 11... Rb8 12. Bxg7 Kxg7 13. b3 (13. Qe3 $16) 13... b6 14. h3 (14. Rae1 $16) 14... Qc7 (14... b5 $14) 15. g4 h6 16. Kh2 e6 17. Rg1 Ne5 18. Nxe5 dxe5 19. g5 (19. a4 $14) 19... hxg5 $11 20. Qxg5 exd5 $2 {[%mdl 8192] [#]} (20... Rh8 $11 {and Black is okay.}) 21. Nxd5 $2 (21. Qxf6+ $1 $18 {[%mdl 512]} Kxf6 22. Nxd5+ {[%mdl 64] Double Attack} Kg7 23. Nxc7) 21... Nxd5 (21... Qd6 $1 $15) 22. cxd5 Qd6 23. h4 Rh8 24. h5 Bd7 {[#]} (24... Qf6 $11 {remains equal.}) 25. h6+ $2 {[%mdl 8192]} (25. f4 $1 $16 {[%cal Rf4e5] is necessary to keep the advantage.} Rbe8 26. f5) 25... Rxh6+ $19 26. Kg2 Rbh8 $40 {[%mdl 128] Black is out for blood.} 27. Rh1 Qf6 $2 (27... Bh3+ $19 28. Kg1 Rh4) 28. Qxf6+ $15 Kxf6 29. Rxh6 Rxh6 30. Rh1 $2 {[%mdl 8192]} (30. b4 $15) 30... Rxh1 $19 31. Kxh1 {[%mdl 4096] Endgame KB-KB} Kg5 $2 (31... Bb5 $19 32. Bg4 Bd3) 32. Bxa6 $17 Kf4 (32... b5 $17 {Hoping for ...Kf4.} 33. Kg2 Kf4) 33. Bd3 $2 {[%mdl 8192]} (33. Bb7 $1 $11 {and White has nothing to worry.}) 33... f5 $19 34. exf5 $2 (34. Ba6 b5 35. exf5 gxf5 36. Kg2) 34... gxf5 35. Kg1 e4 36. Bc4 Ke5 37. a4 Kd4 38. Kf1 f4 39. Ke2 Kc3 $2 ({Better is} 39... Bc8 $19 {...Ke5 is the strong threat.} 40. Kd2 Ke5) 40. Bb5 $2 {[%mdl 8192] [#]} (40. d6 $11) 40... Bg4+ $1 {Accuracy: White = 42%, Black = 52%.} 0-1

[Event "Stay Safe Play From Home 356"]
[Site "Emanuel Lasker Arena"]
[Date "2020.08.04"]
[Round "2"]
[White "Trotsky"]
[Black "Nuktotitakoi"]
[Result "0-1"]
[WhiteElo "1681"]
[BlackElo "2371"]
[Annotator "TA"]
[PlyCount "32"]
[EventDate "2020.08.04"]
[EventType "swiss (blitz)"]

{[%evp 9,32,18,13,-36,0,-48,-30,-56,-33,-39,-24,-216,-199,-404,-403,-730,-380,-705,-696,-779,-699,-1060,-905,-29991,-29992]} 1. d4 d6 2. e3 Nf6 3. c4 g6 4. Nc3 Bg7 5. Bd3 O-O 6. Qc2 {E61: King's Indian: Early deviations for White, including Smyslov System.} Nc6 {[%cal Bb8c6,Bc6b4,Bb4d3][%mdl 32]} 7. Nf3 {[#]} Nb4 $146 ({Predecessor:} 7... e5 8. dxe5 dxe5 9. O-O Nb4 10. Qb3 Nxd3 11. Rd1 e4 12. Nxe4 Nxe4 13. Rxd3 Qe7 14. Rd1 Bg4 {0-1 (33) Henao,S-Castro Osorio,L Cali 2015}) 8. Qb1 {Black has an edge.} Nxd3+ 9. Qxd3 {[#]} e5 $1 {[%mdl 512]} 10. Ng5 $2 {[#]} (10. O-O $11 {and White is okay.}) (10. dxe5 dxe5) 10... exd4 $1 $19 11. Nce4 $2 (11. exd4 {was worth a try.} d5 12. Be3) 11... Nxe4 12. h4 (12. Nxe4 $142 Bf5 13. O-O) 12... dxe3 13. Bxe3 $2 (13. Nxe4 exf2+ 14. Kxf2) 13... Nc5 14. Bxc5 Bf5 15. Ne4 dxc5 16. f3 Qxd3 {White got outplayed after the opening. Accuracy: White =  0%, Black = 84%.} 0-1

[Event "Stay Safe Play From Home 356"]
[Site "Emanuel Lasker Arena"]
[Date "2020.08.04"]
[Round "2"]
[White "UdayChandra"]
[Black "SoulofWolf"]
[Result "1-0"]
[WhiteElo "1620"]
[BlackElo "2113"]
[Annotator "TA"]
[PlyCount "129"]
[EventDate "2020.08.04"]
[EventType "swiss (blitz)"]

{[%evp 9,129,3,0,0,0,1,12,-6,8,-52,-43,-50,-56,-57,-47,-52,-43,-64,-34,-38,-15,-42,-41,-495,-498,-501,-323,-463,-419,-614,-622,-550,-131,-141,0,-87,-27,-17,123,125,163,152,277,267,267,249,298,297,377,305,1262,625,1001,930,1877,1422,1540,1050,1680,1714,1372,1368,1562,1467,2195,1111,6152,6027,3463,3387,2094,1236,2201,1968,29975,29976,29976,29977,29977,29978,29978,29975,29974,29970,29980,29981,29981,29981,29981,29982,29982,29979,29985,29986,29986,29987,29987,29988,29989,29990,29992,29993,29993,29991,29990,29990,29990,0,29991,29992,29993,29991,29991,29992,29992,29991,29991,29989,29991,0,29989,29989]} 1. Nf3 d5 2. g3 c6 3. Bg2 Nd7 4. d3 g6 {[#]} 5. e3 $146 ({Predecessor:} 5. Nbd2 Bg7 6. c4 e6 7. Rb1 a5 8. b3 Ne7 9. Bb2 e5 10. O-O O-O 11. a3 Re8 {½-½ (26) Zielinska,J (2175)-Bartosik,O (2145) Warsaw 1995}) 5... Bg7 6. e4 {A07: Réti Opening: New York and Capablanca Systems.} e5 7. O-O Ne7 8. exd5 {The position is equal.} cxd5 9. Bg5 (9. c4 $11) 9... O-O $15 10. Bxe7 Qxe7 11. Nc3 Nb6 12. a4 a5 13. Nb5 Bg4 14. c3 e4 15. dxe4 dxe4 {...Qc5 is the strong threat.} 16. Qb3 $2 {[%mdl 8192]} ({White should play} 16. Re1 $15) 16... exf3 $19 17. Bh1 Qg5 18. Rae1 (18. Nc7 $142 Rac8 19. Qxb6) 18... Rae8 19. Nc7 (19. Rxe8 $142 Rxe8 20. Nc7) 19... Rxe1 20. Rxe1 h5 $2 (20... Qd2 $19 {[%cal Rd2e1] and Black stays clearly on top.} 21. Ra1 Nd7) 21. Qxb6 $17 h4 (21... Rd8 $17 {Strongly threatening ...Qd2.} 22. h3 Bxh3 23. Bxf3 Rd2) 22. Qxb7 {[#]} (22. Ne8 $11 {keeps the balance.}) 22... hxg3 (22... Qd2 $1 $17 {[%cal Rd2e1]} 23. Qe4 Rd8) 23. hxg3 $11 Qf5 (23... Qd2 $1 $11 24. Qe4 Rd8) 24. Nd5 $36 {[%mdl 2048] Threatens to win with Ne7+. White is in control. White leaves nothing to chance now.} Kh7 25. Ne3 Qg5 (25... Qe5 $16 26. Rd1 (26. Bxf3 Rb8 $16) 26... Be6) 26. Nxg4 Qxg4 27. Bxf3 Qg5 28. Kg2 Bh6 29. Qb5 f5 $2 (29... Kg7 30. c4 Qxb5 31. axb5 Rb8) 30. Qxa5 (30. Qb7+ $142 Kh8 31. Re7) 30... Bg7 31. Qc7 Kg8 32. Re7 Qf6 33. Bd5+ Kh8 34. Rf7 Rxf7 35. Qxf7 Qxf7 36. Bxf7 $18 {[%mdl 4096] Endgame KB-KB} Be5 37. Bxg6 Bc7 38. Bxf5 Kg7 39. b4 {[%cal Bb2b4,Bb4b5,Bb5b6,Bb6b7][%mdl 32]} Kf6 40. b5 Ke5 41. c4 Kxf5 {KB-KP} 42. c5 Ba5 43. b6 Ke6 44. b7 Bc7 45. f4 Kd5 {[#]} 46. a5 $1 {[%cal Ba4a5,Ba5a6][%mdl 32]} Bb8 (46... Bxa5 47. b8=Q) 47. a6 Kxc5 48. Kf3 Ba7 49. Ke4 Kb6 50. Kf5 Bb8 51. g4 Kxa6 52. g5 Kxb7 {KB-KPP} 53. g6 Kc8 54. g7 Bxf4 55. g8=Q+ Kc7 56. Qe6 Bd6 57. Qf7+ Kc6 {[#]} 58. Qe6 $1 Kc5 $2 {[%mdl 8192]} (58... Kc7 $11 59. Qc4+ Kd7 60. Qb5+ Kc7 61. Ke6 Bf4 62. Kd5 Bh6 63. Qc6+ Kb8 64. Qd7 Bf4 65. Kc6 Bc7 66. Qxc7+ Ka8 67. Qb7#) 59. Ke4 Kc6 60. Qd5+ Kc7 61. Qf7+ Kc6 {[#]} 62. Qg6 $1 Kc5 63. Kf5 Kc6 {[#]} 64. Qe6 $1 Kc5 $2 {[%mdl 8192]} (64... Kc7 $11 65. Ke4 Kc6 66. Kd4 Kc7 67. Kd5 Bh2 68. Qc6+ Kb8 69. Qd7 Bg3 70. Kc6 Bc7 71. Qxc7+ Ka8 72. Qb7#) 65. Qe4 {Accuracy: White = 66%, Black = 46%.} 1-0

[Event "Stay Safe Play From Home 356"]
[Site "Emanuel Lasker Arena"]
[Date "2020.08.04"]
[Round "2"]
[White "Dreamsoldier"]
[Black "Lamborghini"]
[Result "0-1"]
[WhiteElo "1283"]
[BlackElo "2278"]
[Annotator "TA"]
[PlyCount "30"]
[EventDate "2020.08.04"]
[EventType "swiss (blitz)"]

{[%evp 9,29,0,29,0,8,-7,-1,-17,-21,-20,158,-22,7,4,0,-19,-8,-9,-8,-10,-8,-29999]} 1. e4 c5 2. Nf3 d6 3. Nc3 Nf6 4. Bb5+ Bd7 5. Be2 Nc6 6. d3 {[#] B50: Sicilian: 2...d6, Miscellaneous.} e5 $146 ({Predecessor:} 6... g6 7. O-O Bg7 8. h3 O-O 9. Nh2 Rb8 10. f4 b5 11. Bf3 b4 12. Ne2 Qb6 {1-0 (36) Berti Contreras,L (2100)-Valenzuela Fuentealba,L (2498) Santiago de Chile 2010}) 7. Bg5 Be7 8. Bxf6 {The position is equal.} Bxf6 9. Nd5 Bg5 $2 {[#]} (9... Be6 $11) 10. Ne3 $2 (10. Nxg5 $16 {Strongly threatening Nf3.} Qxg5 11. Nc7+ {[%mdl 64] Double Attack} Ke7 12. Nxa8 Rxa8 13. O-O) 10... O-O 11. Nxg5 Qxg5 12. h3 f5 $36 {[%mdl 2048] Black has the initiative.} 13. exf5 Bxf5 14. Nxf5 Qxf5 15. Bg4 $2 {[%mdl 8192] [#]} (15. Bf3 $11) 15... Qxf2# {Accuracy: White = 57%, Black = 50%.} 0-1

[Event "Stay Safe Play From Home 356"]
[Site "Emanuel Lasker Arena"]
[Date "2020.08.04"]
[Round "3"]
[White "NTBT_DHS"]
[Black "Nuktotitakoi"]
[Result "0-1"]
[WhiteElo "2595"]
[BlackElo "2372"]
[Annotator "TA"]
[PlyCount "118"]
[EventDate "2020.08.04"]
[EventType "swiss (blitz)"]

{[%evp 14,118,18,0,0,-10,0,-21,-15,-237,-234,-847,-841,-958,-766,-843,-845,-866,-779,-788,-754,-820,-743,-1022,-1020,-1004,-1008,-1085,-1028,-1026,-1025,-1264,-1227,-1281,-1251,-1301,-1288,-1306,-1283,-1230,-1249,-1066,-1022,-1036,-1031,-1232,-1169,-1305,-1273,-1491,-1302,-3038,-2914,-2443,-1727,-2512,-2056,-29987,-29988,-29989,-29990,-29988,-29987,-29991,-29991,-29993,-29993,-29993,-5900,-29993,-29994,-29994,-29994,-29997,-29997,-29997,-29995,-29995,-29994,-29995,-29989,-29989,-29990,-29990,-29989,-29989,-29990,-29996,-29990,-29997,-29992,-29995,-29987,-29987,-29988,-29993,-29988,-29988,-29986,-29986,-29987,-29987,-29988,-29997,-29997,-29998,-29999]} 1. e4 d6 2. Nf3 Nf6 3. d3 c5 4. g3 Nc6 5. Bg2 g6 6. O-O Bg7 7. Re1 O-O 8. Nc3 Rb8 {B25: Closed Sicilian: 3 g3, lines without early Be3.} 9. Nd5 e6 10. Ne3 b5 {[%cal Bb7b5,Bb5b4][%mdl 32] [#] The position is equal.} 11. b3 $146 {[#]} (11. Rb1 $11 {and White stays safe.}) ({Predecessor:} 11. Nh4 Bb7 12. f4 Re8 13. Rf1 Nd7 14. Qg4 b4 15. Qh3 Nd4 16. Bd2 a5 17. Rae1 {1-0 (40) Ozsvath,A-Honfi,K Budapest 1962}) 11... Nxe4 $1 $19 {[%mdl 576] Discovered Attack} 12. Rb1 $2 (12. Ba3) (12. dxe4 Bxa1) 12... Nc3 $1 {[%csl LRa2,LRb1,LRd1][%mdl 64] Double Attack} 13. Qe2 Nxb1 14. h4 Nc3 15. Qd2 b4 16. Nc4 Nd4 17. h5 Bb7 18. h6 Bxf3 19. hxg7 Kxg7 20. Bb2 Bxg2 21. Kxg2 Qd7 22. Re3 Qc6+ 23. f3 f5 24. Bxc3 bxc3 25. Qxc3 e5 26. Qd2 Rbe8 27. c3 Nb5 28. a4 Nc7 29. d4 Nd5 30. Re1 cxd4 31. cxd4 e4 32. Rh1 exf3+ 33. Kg1 {[#]} f2+ $1 34. Kxf2 (34. Qxf2 Nf6) 34... f4 35. g4 {[#]} Ne3 $1 36. Rg1 Nxc4 37. bxc4 Qxc4 38. g5 Re3 39. d5 Qe4 {[%csl Ge3][%cal Re4f3]} 40. Qb2+ {[#]} Qe5 (40... Kg8 $142 $1 41. Rc1 Rg3 42. Qg7+ {[%mdl 64] Decoy} Kxg7 43. Rc7+ Rf7 44. Rxf7+ Kxf7 45. Kf1 Qe3 46. a5 Rg1#) 41. Qc2 Re8 {Black mates.} 42. Qc7+ Re7 43. Qc8 Re2+ 44. Kf3 Qe4+ 45. Kg4 f3+ 46. Kh3 Qf5+ 47. Qxf5 gxf5 48. Kg3 f2 49. Rf1 R7e3+ 50. Kf4 Re4+ 51. Kxf5 Re5+ 52. Kf4 Rxd5 53. Kf3 Rdd2 54. Kf4 Ra2 55. Kf3 Reb2 56. Rd1 Ra3+ 57. Kg2 Rxa4 58. Rxd6 Rg4+ 59. Kh2 f1=Q+ {Black took control after the opening.} 0-1

[Event "Stay Safe Play From Home 356"]
[Site "Emanuel Lasker Arena"]
[Date "2020.08.04"]
[Round "3"]
[White "AChessPlayer"]
[Black "UdayChandra"]
[Result "1-0"]
[WhiteElo "2394"]
[BlackElo "1620"]
[Annotator "TA"]
[PlyCount "133"]
[EventDate "2020.08.04"]
[EventType "swiss (blitz)"]

{[%evp 11,132,19,14,-7,7,-9,2,-15,-1,-17,-23,-31,-13,-30,-25,-31,-18,-38,2,-35,2,-69,26,15,28,43,86,19,21,13,37,30,30,14,52,-16,0,-16,37,1,15,0,194,191,190,178,370,364,360,353,825,841,835,810,808,-514,-514,-514,-327,-487,-506,-508,-508,-498,-497,-484,-484,-482,-475,-574,-533,-566,-491,-588,-477,-588,-588,-588,-588,-588,-573,-550,-560,-539,-489,-588,-556,-518,29989,29990,29990,29991,29992,29992,29992,29993,29994,29995,29995,29996,29996,29997,29997,29997,29997,29998,29998,29996,29996,29997,29997,29998,29998,29998,29998,29998,29998,29999,29999,29998,29998,29999,29999]} 1. Nf3 c6 2. g3 d6 3. Bg2 g6 4. O-O Bg7 5. d3 Nf6 6. e4 O-O 7. Bd2 {A05: Réti Opening: 1 Nf3 Nf6.} e5 {[#]} 8. Qc1 $146 ({Predecessor:} 8. Nc3 Qc7 9. h3 a5 10. Qc1 Na6 11. Bh6 Ne8 12. Bxg7 Kxg7 13. d4 f5 14. dxe5 dxe5 15. Nh2 f4 16. gxf4 Rxf4 17. Ne2 Rf7 18. Qe3 {½-½ (18) Breuel,S (1438)-Kirschner,T (1698) Rostock 2015}) 8... Bg4 9. Bh6 {The position is equal.} Nbd7 10. h3 Bxf3 11. Bxf3 Re8 12. Bxg7 Kxg7 13. Bg2 Nf8 14. Nc3 Nh5 15. Qe1 h6 16. f4 (16. a4 $11) 16... Nh7 (16... Qb6+ $15 17. Kh2 exf4 18. gxf4 Ne6) 17. f5 Qg5 18. Kh2 Rf8 19. h4 (19. a4 $16) 19... Qe7 $11 20. Bf3 N7f6 21. Qe2 Rad8 22. Qg2 d5 23. Rad1 (23. exd5 $14 cxd5 24. Nxd5 Nxd5 25. Bxd5) 23... d4 24. Ne2 {With the idea g4.} Ng8 ({Better is} 24... Nd7 $11) 25. Qh3 Nhf6 26. g4 $36 {[%mdl 2048] White is pushing.} h5 $2 (26... Nh7 $1 $11 {and Black is okay.}) 27. g5 $18 Nh7 28. Ng3 Ngf6 $2 (28... Kh8 {was worth a try.} 29. a3 Qc5) 29. gxf6+ Nxf6 30. Rg1 {fxg6 is the strong threat.} Ng4+ $2 (30... Kh8 31. Ne2 Rg8) 31. Bxg4 hxg4 32. Qxg4 {And now f6+! would win.} Rh8 33. fxg6 $4 {[%mdl 8192]} (33. Kh3 $18 Qd7 34. Nh5+ Kf8 35. Nf6) 33... Rxh4+ $19 34. Qxh4 Qxh4+ 35. Kg2 {Black must now prevent Nf5+.} fxg6 36. Rh1 Qg4 37. Rdf1 Rf8 38. Rxf8 Kxf8 {[%mdl 4096] Endgame KQ-KRN} 39. Rf1+ Kg7 40. Rf2 Qg5 41. b3 Qc1 42. a4 Qb2 43. Nf1 b5 44. Nh2 bxa4 45. bxa4 Qb4 46. Ng4 Qxa4 47. Nxe5 Qb5 48. Nf3 a5 49. Nxd4 Qc5 $4 {[%mdl 8192] [#]} (49... Qe5 $19 50. c3 c5) 50. Ne6+ {[%mdl 64] Double Attack. White mates.} Kh7 51. Nxc5 Kh6 52. Na4 Kg7 53. e5 Kh7 54. e6 Kg7 55. e7 Kh6 56. e8=Q Kg5 57. Qe3+ Kh5 58. Rf3 g5 59. Rh3+ Kg6 60. Qe6+ {[%mdl 64] [#] Double Attack} Kg7 61. Rh6 Kf8 62. Qf6+ Ke8 63. Rh8+ Kd7 64. Rd8+ Kc7 65. Qd6+ Kb7 66. Qb8+ Ka6 67. Qb6# {A wild game. Accuracy: White = 68%, Black = 58%.} 1-0

[Event "Stay Safe Play From Home 356"]
[Site "Emanuel Lasker Arena"]
[Date "2020.08.04"]
[Round "3"]
[White "Lamborghini"]
[Black "Broken sword"]
[Result "0-1"]
[WhiteElo "2279"]
[BlackElo "2382"]
[Annotator "TA"]
[PlyCount "74"]
[EventDate "2020.08.04"]
[EventType "swiss (blitz)"]

{[%evp 21,74,41,44,46,77,0,47,44,45,30,39,7,30,0,0,0,15,0,0,-19,17,10,31,-7,-6,-13,0,0,0,-66,-68,-70,-44,-120,-100,-125,-84,-272,-277,-276,-274,-260,-153,-571,-586,-558,-583,-558,-571,-564,-488,-1141,-700,-817,-786]} 1. e4 c5 2. Nf3 d6 3. d4 cxd4 4. Nxd4 Nf6 5. Nc3 a6 6. Bg5 Nc6 7. f4 Qb6 8. Bxf6 gxf6 9. Nb3 e6 10. Qf3 Bd7 11. O-O-O O-O-O 12. Kb1 {B97: Sicilian Najdorf: Poisoned Pawn.} Kb8 {[#]} 13. g4 $146 (13. Qh5 $16) ({Predecessor:} 13. Qh5 Be8 14. g3 Be7 15. Bh3 Na7 16. Rd2 Nb5 17. Nxb5 Qxb5 18. Rhd1 Qxh5 {0-1 (18) Cernousek,L (2442)-Narayanan,S (2226) ICC INT 2009}) 13... Be7 14. h4 {White is slightly better.} Rc8 15. h5 Rhg8 16. Bh3 Na5 17. Nxa5 Qxa5 18. Rd3 Rc7 19. Rhd1 Rgc8 20. Qe3 Bc6 (20... d5 $5 21. exd5 Bb4 $15) 21. f5 Bd7 22. fxe6 fxe6 23. R1d2 Qg5 (23... Rg8 {is more complex.} 24. Qf3 Qg5 25. Rd1 Qc5 26. a3 b5) 24. Qxg5 fxg5 25. e5 (25. Rf3 $11) 25... d5 $15 26. Rf2 Be8 27. Rdf3 (27. Bf1 $15) 27... Bc5 28. Rf1 Bb4 29. Ne2 $2 {[#]} (29. a3 $17 {was called for.} Be7 30. R1f2) 29... Rxc2 $19 ({But not} 29... Bb5 30. Nd4 $17) 30. Nd4 Rh2 31. a3 Be7 (31... Ba5 $19 32. b4 Bb6 33. Nxe6 Rcc2) 32. Nxe6 $2 {White does not recover from this.} (32. Rc1 $17) 32... Rcc2 {Black is clearly winning.} 33. Rb3 Ba4 34. Rff3 Bxb3 35. Rxb3 Ka7 36. Nd8 (36. Ka2 $142 Rce2 37. Nd4) 36... b5 37. Nc6+ Rxc6 {Accuracy: White = 41%, Black = 63%.} 0-1

[Event "Stay Safe Play From Home 356"]
[Site "Emanuel Lasker Arena"]
[Date "2020.08.04"]
[Round "3"]
[White "Little champs"]
[Black "Trotsky"]
[Result "1-0"]
[WhiteElo "2186"]
[BlackElo "1680"]
[Annotator "TA"]
[PlyCount "57"]
[EventDate "2020.08.04"]
[EventType "swiss (blitz)"]

{[%evp 9,57,24,39,43,43,39,110,110,122,119,182,170,185,180,220,218,222,218,236,247,216,220,275,206,397,381,394,333,550,519,625,527,1114,1089,1043,1013,977,852,2121,2247,29989,29990,29987,29988,29993,29993,29996,29996,29998,29999]} 1. d4 d6 2. e3 d5 3. Nf3 e6 {[#]} 4. Be2 $146 ({Predecessor:} 4. Bd3 c5 5. c3 c4 6. Bc2 Nc6 7. O-O Nf6 8. Nbd2 Bd6 9. e4 Be7 10. Re1 {1-0 (47) Rodriguez Medina,J (1434)-Cruz Goyes,C Las Palmas 2017}) 4... c5 5. O-O Nc6 6. dxc5 {A41: 1 d4 d6: Tartakower System and Modern Defence.} Bxc5 7. c4 Qc7 ({Black should play} 7... dxc4 $14 8. Qxd8+ (8. Bxc4 Qxd1 9. Rxd1 Nf6 $14) 8... Nxd8) 8. cxd5 $16 {White is better.} exd5 9. Nc3 Be6 (9... Nf6 $16) 10. Nxd5 $18 Bxd5 11. Qxd5 Bd6 12. Rd1 O-O-O {With the idea ...Bxh2+.} 13. Qf5+ Kb8 14. Bd2 Nf6 15. Rac1 h5 16. b4 {[%cal Bb2b4,Bb4b5][%mdl 32]} Ng4 $2 {[#]} (16... Qe7 17. b5 Nb4) 17. h3 g6 18. Qc2 Rc8 $2 (18... Nge5 {is a better defense.} 19. Nxe5 Nxe5) 19. b5 ({Not} 19. hxg4 hxg4 20. b5 gxf3 $16) 19... Bh2+ 20. Kf1 Qd6 21. bxc6 Rxc6 22. Bc3 Qc7 23. Qb2 Ka8 24. Bxh8 Bg3 25. Rxc6 {White mates.} bxc6 26. hxg4 hxg4 27. fxg3 gxf3 28. Bxf3 Qb7 29. Rd8+ {Black did not feel at home in the position after the opening. Accuracy: White = 87%, Black = 23%.} 1-0

[Event "Stay Safe Play From Home 356"]
[Site "Emanuel Lasker Arena"]
[Date "2020.08.04"]
[Round "3"]
[White "Fischer_11"]
[Black "Ao017545"]
[Result "1-0"]
[WhiteElo "2114"]
[BlackElo "1673"]
[Annotator "NA RC"]
[PlyCount "31"]
[EventDate "2020.08.04"]
[EventType "swiss (blitz)"]
[TimeControl "60"]

1. e4 {[%emt 0:00:02]} e5 {[%emt 0:00:01]} 2. Nc3 {[%emt 0:00:01]} Nf6 {[%emt 0:00:02]} 3. Bc4 {[%emt 0:00:00]} Bc5 {[%emt 0:00:01]} 4. d3 {[%emt 0:00:01]} d6 {[%emt 0:00:03]} 5. f4 {[%emt 0:00:01]} Ng4 {[%emt 0:00:02]} 6. f5 {[%emt 0:00:02]} Nf2 {[%emt 0:00:02]} 7. Qh5 {[%emt 0:00:01]} g6 {[%emt 0:00:04]} 8. Qh6 {[%emt 0:00:04]} Qe7 {[%emt 0:00:05]} 9. Qg7 {[%emt 0:00:09]} Qf8 {[%emt 0:00:02]} 10. Qf6 {[%emt 0:00:05]} Nxh1 {[%emt 0:00:04]} 11. Nd5 {[%emt 0:00:03]} Bb6 {[%emt 0:00:05]} 12. Qg5 {[%emt 0:00:05]} c6 {[%emt 0:00:07]} 13. Nf6+ {[%emt 0:00:01]} Ke7 {[%emt 0:00:11]} 14. Nxh7+ {[%emt 0:00:02]} Ke8 {[%emt 0:00:05]} 15. Nf6+ {[%emt 0:00:00]} Ke7 {[%emt 0:00:04]} 16. Nf3 {[%emt 0:00:01] Zaman (Lag: Av=0.59s, max=0.8s)} 1-0